000 00456nam a2200181Ia 4500
001 3959
005 20260306145721.0
008 260306t2022||||xx |||||||||||||| ||spa||
041 _aESP
082 _a305.8985
_bB34
100 _aBecerra, James,
_eAUT
245 0 _aAbram Calderón :
_bmemoria y violencia para un líder asháninka
260 _c2022
300 _a63 páginas :
_c24 cm.
650 _aGEN
654 _aCHU
942 _cLIB
_dJUS
_fJUS
_2ddc
_n
999 _c3959
_d3959